000 00844cam a2200253 a 4500
001 000004934
003 DO-SdBNP
005 20221018103730.0
007 ta
008 860331s1963 cl 000 0 spa
040 _aDO-SdBNP
_bspa
_cBNPHU
082 4 _a861.3
_bE65a
_222
100 1 _aErcilla y Zuniga, Alonso de,
_d1533-1594.
_914255
245 1 3 _aLa Araucana /
_cAlonso de Ercilla ; adaptación del texto original Maximiano García Venero ; ilustraciones Julio Castro.
260 _aMadrid :
_bAguilar,
_c1963.
300 _a134 p. :
_bil. ;
_c23 cm.
490 1 _aGlobo de Colores ;
650 4 _aPoesía española
_9631
650 4 _aLiteratura española
_9632
700 1 _aGarcía Venero, Maximiano
_914256
700 1 _aCastro, Julio,
_eil.
_914257
830 0 _aGlobo de Colores ;
_pIniciación Literaria
_914258
942 _2ddc
_cLBS1
999 _c4740
_d4740